Statistics for Three European Countries Starting With The Same Letter

Click here to take the quiz!

General Stats

  • This quiz has been taken 638 times
  • The average score is 5 of 6

Answer Stats

HintAnswer% Correct
AAlbania
97%
AAndorra
89%
IIceland
82%
AAustria
81%
IIreland
79%
IItaly
75%

Score Distribution

Percentile by Number Answered

Percent of People with Each Score

Your Score History

You have not taken this quiz